| 000 | 00469nam a22001577a 4500 | ||
|---|---|---|---|
| 020 | _a81-7033-819-0 | ||
| 082 |
_a320 _bPEE/R |
||
| 100 | _aPEET, RICHARD | ||
| 245 |
_aRADICAL GEOGRAPHY _bALTERNATIVE VIEWPOINTS ON CONTEMPORARY SOCIAL ISSUES |
||
| 246 |
_aRADICAL GEOGRAPHY _bALTERNATIVE VIEWPOINTS ON CONTEMPORARY SOCIAL ISSUES |
||
| 260 |
_aNEW DELHI _bRAWAT PUBLICATIONS _c2003 |
||
| 300 | _a387 | ||
| 520 | _aSOCIAL SCIENCE | ||
| 650 | _aSOCIAL SCIENCE | ||
| 942 | _cBK | ||
| 999 |
_c1502 _d1502 |
||